000
00324nam a22001457a 4500
008
230912b ||||| |||| 00| 0 eng d
020
_a
9027720932
041
_a
eng
080
_a
521
082
_a
521PRO
100
_a
19
101
_a
ASTRO
245
_a
LIGHT IN EINSTEIN'S UNIVERSE
_c
PROKHOVNIK.K.S
942
_2
udc
_c
BK
999
_c
60328
_d
60328